000 01240nam a22002655i 4500
001 165068
003 ES-MaACL
005 20250826150933.0
008 050810s1843 sp | |||||||| ||spa d
040 _aCAM
_bspa
_cCAM
100 1 _aScribe, Eugène.
_9104966
245 1 3 _aLa tercera dama duende
_b: comedia en tres actos /
_csacada de una ópera cómica de E. Scribe por J. de la C. Tirado.
260 _aMadrid :
_b[s.n.],
_c1843 (
_fImprenta de Fernando Suárez)
300 _a38 p. ;
_c25 cm.
490 1 _aMuseo dramático ó Colección de comedias del teatro estrangero, representado en los principales de la corte ;
_v1
500 _aSe ha de representar en el Teatro de la Cruz en el mes de abril de 1842.
594 _aTítulo y autores tomados de principio del texto.
596 _aDatos de pie de imp. tomados de la port. de la serie.
597 _aTexto a dos col.
700 1 _aTirado, Juan de la Cruz,
_dn. 1812
_9133264
830 0 0 _aMuseo dramático ó Colección de comedias del teatro estranjero representadas en los principales teatros de la corte
_v1
_9242030
852 _aES-MaACL
_jF-7488(1)
_z-- Enc. hol.
_z-- Enc. en un vol. facticio
999 _c165068
_d165068